Development aid at a glance 2008 statistics by region

Salvato in:
Dettagli Bibliografici
Natura: Libro
Lingua:inglese
Pubblicazione: Paris OECD 2008
Soggetti:
Tags: Aggiungi Tag
Nessun Tag, puoi essere il primo ad aggiungerne!!

MARC

LEADER 00000nam$a2200000$$$4500
001 0093055
005 20240313134935.4
020 |a 978-92-64-04408-1 
041 0 |a eng 
044 |a FR 
245 1 0 |a Development aid at a glance 2008  |b statistics by region 
264 1 |a Paris  |b OECD  |c 2008 
300 |a 155 s. 
610 2 0 |a údaje štatistické medzinárodné 
610 2 0 |a krajiny vyspelé 
610 2 0 |a pomoc medzinárodná 
610 2 0 |a krajiny rozvojové 
610 2 0 |a pomoc rozvojová 
610 2 0 |a pomoc finančná 
610 2 0 |a sektory hospodárske 
610 2 0 |a dary